[Event "escc2023_50"]
[Site "?"]
[Date "2023.05.31"]
[Round "6.9"]
[White "Lasinskas, Povilas"]
[Black "Arkell, Keith C"]
[Result "0-1"]
[BlackElo "2390"]
[WhiteElo "2131"]
[LiveChessVersion "1.4.8"]

1. d4 {[%clk 1:30:56]} Nf6 {[%clk 1:30:43]} 2. Nc3 {[%clk 1:31:13]} d5
{[%clk 1:31:09]} 3. Bg5 {[%clk 1:31:34]} Nbd7 {[%clk 1:31:10]} 4. e3
{[%clk 1:31:45]} c6 {[%clk 1:29:42]} 5. f4 {[%clk 1:31:56]} Nb6 {[%clk 1:28:12]}
6. Nf3 {[%clk 1:27:42]} g6 {[%clk 1:27:29]} 7. Bd3 {[%clk 1:27:38]} Bg7
{[%clk 1:27:54]} 8. O-O {[%clk 1:27:43]} Bf5 {[%clk 1:27:33]} 9. Bxf5
{[%clk 1:23:43]} gxf5 {[%clk 1:27:59]} 10. Bxf6 {[%clk 1:22:09]} Bxf6
{[%clk 1:28:22]} 11. Ne5 {[%clk 1:22:31]} h5 {[%clk 1:26:33]} 12. b3
{[%clk 1:17:43]} e6 {[%clk 1:26:28]} 13. Ne2 {[%clk 1:17:25]} Nc8
{[%clk 1:25:17]} 14. Rc1 {[%clk 1:15:27]} Nd6 {[%clk 1:25:36]} 15. c4
{[%clk 1:15:33]} Ne4 {[%clk 1:23:15]} 16. c5 {[%clk 1:13:35]} Bxe5
{[%clk 1:22:02]} 17. fxe5 {[%clk 1:13:36]} a5 {[%clk 1:19:12]} 18. a3
{[%clk 1:13:20]} Qg5 {[%clk 1:19:17]} 19. Nf4 {[%clk 1:13:35]} h4
{[%clk 1:19:21]} 20. b4 {[%clk 1:05:38]} axb4 {[%clk 1:19:09]} 21. axb4
{[%clk 1:06:07]} Ke7 {[%clk 0:58:41]} 22. Qe2 {[%clk 0:59:36]} Qg4
{[%clk 0:58:04]} 23. Qd3 {[%clk 0:52:14]} h3 {[%clk 0:52:16]} 24. Rc2
{[%clk 0:52:37]} hxg2 {[%clk 0:50:40]} 25. Rxg2 {[%clk 0:52:40]} Qh4
{[%clk 0:51:04]} 26. Qe2 {[%clk 0:46:01]} Rag8 {[%clk 0:47:29]} 27. Rxg8
{[%clk 0:45:26]} Rxg8+ {[%clk 0:47:54]} 28. Ng2 {[%clk 0:45:48]} Qh6
{[%clk 0:43:54]} 29. Rf4 {[%clk 0:42:15]} Ng5 {[%clk 0:42:48]} 30. Kh1
{[%clk 0:40:57]} Nh3 {[%clk 0:33:19]} 31. Rf1 {[%clk 0:36:34]} Rh8
{[%clk 0:24:31]} 32. Nf4 {[%clk 0:35:53]} Ng5 {[%clk 0:24:52]} 33. Rg1
{[%clk 0:33:22]} Ne4 {[%clk 0:25:03]} 34. h3 {[%clk 0:23:45]} Qh4
{[%clk 0:22:03]} 35. Kh2 {[%clk 0:23:06]} Ra8 {[%clk 0:19:16]} 36. Rg7
{[%clk 0:19:10]} Kf8 {[%clk 0:17:36]} 37. Qg2 {[%clk 0:16:23]} Qh8
{[%clk 0:16:45]} 38. Rxf7+ {[%clk 0:07:40]} Kxf7 {[%clk 0:16:49]} 39. Qg6+
{[%clk 0:08:08]} Ke7 {[%clk 0:10:08]} 40. Qxe6+ {[%clk 0:07:58]} Kd8
{[%clk 0:10:33]} 41. Qf7 {[%clk 0:04:03]} Ra2+ {[%clk 0:08:34]} 42. Kg1
{[%clk 0:03:40]} Kc8 {[%clk 0:04:51]} 43. Ng6 {[%clk 0:00:33]} Qd8
{[%clk 0:01:44]} 44. h4 {[%clk 0:00:32]} Kb8 {[%clk 0:01:22]} 45. e6
{[%clk 0:30:22]} Ng5 {[%clk 0:23:18]} 46. Qxf5 {[%clk 0:30:32]} Qc7
{[%clk 0:16:57]} 47. Ne5 {[%clk 0:23:52]} Nh7 {[%clk 0:05:43]} 48. Qf4
{[%clk 0:16:28]} Qg7+ {[%clk 0:03:28]} 49. Ng6+ {[%clk 0:16:33]} Ka7
{[%clk 0:03:43]} 50. h5 {[%clk 0:16:53]} Nf6 {[%clk 0:02:41]} 51. Qg5
{[%clk 0:11:17]} Qc7 {[%clk 0:02:20]} 52. Nf4 {[%clk 0:09:28]} Ne4
{[%clk 0:02:07]} 53. Qe5 {[%clk 0:09:03]} Qe7 {[%clk 0:01:51]} 54. Ng6
{[%clk 0:08:57]} Qe8 {[%clk 0:01:33]} 55. Nf4 {[%clk 0:01:08]} Ka6
{[%clk 0:02:02]} 56. Qg7 {[%clk 0:01:07]} Kb5 {[%clk 0:01:59]} 57. Qxb7+
{[%clk 0:01:25]} Kc4 {[%clk 0:02:27]} 58. Qf7 {[%clk 0:01:40]} Qa8
{[%clk 0:02:47]} 59. e7 {[%clk 0:01:19]} Qa4 {[%clk 0:02:29]} 60. Ng2
{[%clk 0:01:25]} Ra1+ {[%clk 0:02:28]} 61. Kh2 {[%clk 0:01:52]} Qd1
{[%clk 0:02:46]} 0-1

[Event "escc2023_50"]
[Site "?"]
[Date "2023.05.31"]
[Round "6.10"]
[White "De Santis, Alessio"]
[Black "Prie, Eric"]
[Result "1-0"]
[BlackElo "2352"]
[WhiteElo "2117"]
[LiveChessVersion "1.4.8"]

1. d4 {[%clk 1:29:51]} d5 {[%clk 1:30:50]} 2. c4 {[%clk 1:30:09]} dxc4
{[%clk 1:31:11]} 3. Nf3 {[%clk 1:29:52]} Nf6 {[%clk 1:30:39]} 4. Nc3
{[%clk 1:28:28]} a6 {[%clk 1:30:25]} 5. e3 {[%clk 1:21:11]} b5 {[%clk 1:03:01]}
6. a4 {[%clk 1:21:33]} b4 {[%clk 1:03:25]} 7. Na2 {[%clk 1:21:12]} e6
{[%clk 1:02:13]} 8. Bxc4 {[%clk 1:21:29]} Be7 {[%clk 1:02:22]} 9. O-O O-O
{[%clk 1:02:02]} 10. Bd2 {[%clk 1:20:24]} a5 {[%clk 1:02:19]} 11. Nc1
{[%clk 1:19:00]} Ba6 {[%clk 1:02:12]} 12. Qe2 {[%clk 1:18:37]} c5
{[%clk 0:59:47]} 13. Nb3 {[%clk 1:18:25]} cxd4 {[%clk 0:49:48]} 14. Nfxd4
{[%clk 1:13:44]} Qb6 {[%clk 0:49:57]} 15. Bxa6 {[%clk 0:49:58]} Qxa6
{[%clk 0:49:40]} 16. Qxa6 {[%clk 0:49:58]} Rxa6 {[%clk 0:50:02]} 17. Rfc1
{[%clk 0:50:03]} Rd8 {[%clk 0:40:47]} 18. Kf1 {[%clk 0:46:14]} e5
{[%clk 0:37:01]} 19. Nf5 {[%clk 0:45:49]} Bf8 {[%clk 0:36:42]} 20. Ke2
{[%clk 0:45:47]} g6 {[%clk 0:20:38]} 21. Ng3 {[%clk 0:45:44]} h5 {[%clk 0:20:42]}
22. h3 {[%clk 0:29:02]} h4 {[%clk 0:20:04]} 23. Nf1 {[%clk 0:29:21]} Nd5
{[%clk 0:19:12]} 24. Rc4 {[%clk 0:21:54]} f5 {[%clk 0:18:30]} 25. f3
{[%clk 0:10:43]} Be7 {[%clk 0:14:19]} 26. e4 {[%clk 0:07:17]} Nb6
{[%clk 0:08:06]} 27. Rc7 {[%clk 0:07:17]} Rd7 {[%clk 0:07:21]} 28. Rc2
{[%clk 0:07:41]} Rb7 {[%clk 0:03:13]} 29. exf5 {[%clk 0:07:34]} gxf5
{[%clk 0:03:29]} 30. Ne3 {[%clk 0:08:00]} f4 {[%clk 0:03:29]} 31. Ng4
{[%clk 0:06:49]} N6d7 {[%clk 0:03:18]} 32. Be1 {[%clk 0:06:20]} Rc6
{[%clk 0:01:15]} 33. Rxc6 {[%clk 0:05:40]} Nxc6 {[%clk 0:01:40]} 34. Bf2
{[%clk 0:06:02]} Kf7 {[%clk 0:01:58]} 35. Rc1 {[%clk 0:06:14]} Ndb8
{[%clk 0:02:20]} 36. Bc5 {[%clk 0:05:07]} Rd7 {[%clk 0:01:14]} 37. Bxe7
{[%clk 0:04:39]} Kxe7 {[%clk 0:01:28]} 38. Rc5 {[%clk 0:04:55]} Kd6
{[%clk 0:01:02]} 39. Rb5 {[%clk 0:04:21]} Rf7 {[%clk 0:00:45]} 40. Kd3
{[%clk 0:03:56]} Nd7 {[%clk 0:00:49]} 41. Nxa5 {[%clk 0:02:10]} Nxa5
{[%clk 0:23:09]} 42. Rxa5 {[%clk 0:32:32]} Rf5 {[%clk 0:23:06]} 43. Kc4
{[%clk 0:22:25]} Nb8 {[%clk 0:23:25]} 44. Rd5+ {[%clk 0:21:45]} Ke6
{[%clk 0:23:47]} 45. Rd1 {[%clk 0:18:06]} Nc6 {[%clk 0:24:04]} 46. Kc5
{[%clk 0:17:56]} Nd4 {[%clk 0:24:22]} 47. Kxb4 {[%clk 0:18:07]} Rf8
{[%clk 0:23:13]} 48. Rd2 {[%clk 0:09:43]} Rb8+ {[%clk 0:22:45]} 49. Ka3
{[%clk 0:09:34]} Rb3+ {[%clk 0:22:22]} 50. Ka2 {[%clk 0:09:37]} Rb4
{[%clk 0:22:20]} 51. Ka3 {[%clk 0:09:15]} Rb3+ {[%clk 0:22:43]} 52. Ka2
{[%clk 0:09:42]} Rb4 {[%clk 0:23:07]} 53. b3 {[%clk 0:08:33]} Nxb3
{[%clk 0:23:09]} 54. Ka3 {[%clk 0:08:02]} Nxd2 {[%clk 0:20:44]} 55. Kxb4
{[%clk 0:08:29]} Kd5 {[%clk 0:20:21]} 56. a5 {[%clk 0:07:21]} e4 {[%clk 0:13:05]}
57. Nf6+ {[%clk 0:07:26]} Kc6 {[%clk 0:13:29]} 58. Nxe4 {[%clk 0:05:45]} Nf1
{[%clk 0:13:54]} 59. Kc4 {[%clk 0:03:29]} Ne3+ {[%clk 0:14:17]} 60. Kd4
{[%clk 0:03:55]} Nxg2 {[%clk 0:14:43]} 61. Ke5 {[%clk 0:04:16]} Kb5
{[%clk 0:14:56]} 62. Nc3+ {[%clk 0:04:33]} Kxa5 {[%clk 0:15:16]} 63. Ne2
{[%clk 0:04:23]} Kb5 {[%clk 0:15:05]} 64. Nxf4 {[%clk 0:04:51]} Ne1
{[%clk 0:15:24]} 65. Ke4 {[%clk 0:05:17]} Kc6 {[%clk 0:15:38]} 66. Ng6
{[%clk 0:05:27]} Ng2 {[%clk 0:15:52]} 67. f4 {[%clk 0:05:30]} Kd7
{[%clk 0:15:58]} 68. f5 {[%clk 0:05:35]} Ke8 {[%clk 0:16:10]} 69. Kf3
{[%clk 0:03:23]} Ne1+ {[%clk 0:16:32]} 70. Kg4 {[%clk 0:03:37]} Kf7
{[%clk 0:16:52]} 71. Nf4 {[%clk 0:02:44]} Nc2 {[%clk 0:16:25]} 72. Kg5
{[%clk 0:02:51]} Ne3 {[%clk 0:15:28]} 73. Ng6 {[%clk 0:03:05]} Nd1
{[%clk 0:14:30]} 74. Ne5+ {[%clk 0:02:57]} Kg7 {[%clk 0:12:41]} 75. f6+
{[%clk 0:03:12]} Kh7 {[%clk 0:13:06]} 76. Nd7 {[%clk 0:02:04]} 1-0

[Event "escc2023_50"]
[Site "?"]
[Date "2023.05.31"]
[Round "6.11"]
[White "Vinter-Schou, Uffe"]
[Black "Berend, Fred"]
[Result "1-0"]
[BlackElo "2257"]
[WhiteElo "2351"]
[LiveChessVersion "1.4.8"]

1. e4 {[%clk 1:30:58]} e6 {[%clk 1:28:56]} 2. d4 {[%clk 1:31:13]} d5
{[%clk 1:29:24]} 3. e5 {[%clk 1:31:17]} c5 {[%clk 1:29:49]} 4. c3
{[%clk 1:31:39]} Qb6 {[%clk 1:30:16]} 5. Nf3 {[%clk 1:31:39]} Nc6
{[%clk 1:30:38]} 6. Be2 {[%clk 1:31:52]} cxd4 {[%clk 1:30:57]} 7. cxd4
{[%clk 1:32:07]} Nh6 {[%clk 1:31:23]} 8. Bxh6 {[%clk 1:26:18]} Qxb2
{[%clk 1:31:49]} 9. Nc3 {[%clk 1:24:53]} Qxc3+ {[%clk 1:31:51]} 10. Bd2
{[%clk 1:25:12]} Qa3 {[%clk 1:32:14]} 11. O-O {[%clk 1:23:11]} a6
{[%clk 1:30:04]} 12. Rb1 {[%clk 1:15:07]} b5 {[%clk 1:27:05]} 13. Rb3
{[%clk 0:43:01]} Qa4 {[%clk 1:25:40]} 14. Qa1 {[%clk 0:28:44]} Na5
{[%clk 1:11:46]} 15. Rd3 {[%clk 0:17:46]} b4 {[%clk 1:05:47]} 16. Rb1
{[%clk 0:13:11]} Nc4 {[%clk 0:59:25]} 17. Bd1 {[%clk 0:13:24]} Qb5
{[%clk 0:52:24]} 18. Bxb4 {[%clk 0:09:47]} Bxb4 {[%clk 0:52:34]} 19. a3
{[%clk 0:09:56]} Nxa3 {[%clk 0:45:00]} 20. Rxa3 {[%clk 0:10:14]} Bxa3
{[%clk 0:45:24]} 21. Rxb5 {[%clk 0:10:28]} axb5 {[%clk 0:45:53]} 22. Qb1
{[%clk 0:07:05]} Bd7 {[%clk 0:45:12]} 23. Ng5 {[%clk 0:06:16]} Rc8
{[%clk 0:37:50]} 24. h4 {[%clk 0:06:17]} Rc1 {[%clk 0:31:14]} 25. Qd3
{[%clk 0:06:41]} Be7 {[%clk 0:31:17]} 26. Kh2 {[%clk 0:02:18]} g6
{[%clk 0:29:00]} 27. Qd2 {[%clk 0:01:50]} Ra1 {[%clk 0:28:28]} 28. Bc2
{[%clk 0:01:29]} h6 {[%clk 0:26:22]} 29. Nf3 {[%clk 0:01:12]} b4 {[%clk 0:26:05]}
30. Qf4 {[%clk 0:00:44]} Ra3 {[%clk 0:24:59]} 31. Nd2 {[%clk 0:00:47]} Rc3
{[%clk 0:24:49]} 32. Bd1 {[%clk 0:00:35]} Kf8 {[%clk 0:23:03]} 33. Nb1
{[%clk 0:00:45]} Rc7 {[%clk 0:22:24]} 34. h5 {[%clk 0:00:36]} Bg5
{[%clk 0:21:53]} 35. Qg3 {[%clk 0:00:50]} Rc1 {[%clk 0:16:50]} 36. Qd3
{[%clk 0:00:53]} gxh5 {[%clk 0:16:39]} 37. Bxh5 {[%clk 0:00:59]} Ba4
{[%clk 0:14:32]} 38. Qa6 {[%clk 0:00:38]} Bc2 {[%clk 0:14:09]} 39. Qb7
{[%clk 0:00:37]} Rh7 {[%clk 0:04:26]} 40. Qxb4+ {[%clk 0:00:39]} Kg7
{[%clk 0:04:29]} 41. Nc3 {[%clk 0:15:50]} Rh8 {[%clk 0:27:57]} 42. Ne2
{[%clk 0:15:23]} Rb1 {[%clk 0:24:46]} 43. Qc3 {[%clk 0:15:48]} Bh7
{[%clk 0:22:22]} 44. Qc7 {[%clk 0:11:33]} Rf8 {[%clk 0:22:13]} 45. f4
{[%clk 0:11:49]} Bd8 {[%clk 0:21:52]} 46. Qd7 {[%clk 0:12:17]} Rb2
{[%clk 0:20:34]} 47. Bf3 {[%clk 0:08:01]} Bb6 {[%clk 0:18:10]} 48. Ng3
{[%clk 0:07:58]} Bg6 {[%clk 0:14:15]} 49. f5 {[%clk 0:08:18]} exf5
{[%clk 0:14:43]} 50. Nxf5+ {[%clk 0:05:15]} Kh7 {[%clk 0:13:55]} 51. Qe7
{[%clk 0:05:08]} Bxf5 {[%clk 0:09:43]} 52. Qxf8 {[%clk 0:05:36]} Be6
{[%clk 0:10:09]} 53. Qa3 {[%clk 0:02:40]} Rf2 {[%clk 0:08:21]} 54. Kg3
{[%clk 0:03:00]} Rxf3+ {[%clk 0:07:52]} 55. gxf3 {[%clk 0:03:12]} Kg7
{[%clk 0:07:26]} 56. Qb4 {[%clk 0:03:31]} Bd8 {[%clk 0:07:29]} 57. Qd6
{[%clk 0:03:38]} Ba5 {[%clk 0:07:11]} 58. Qe7 {[%clk 0:04:02]} Be1+
{[%clk 0:06:30]} 59. Kg2 {[%clk 0:04:30]} Bd2 {[%clk 0:06:49]} 60. f4
{[%clk 0:04:05]} Kg8 {[%clk 0:06:50]} 61. Qf6 {[%clk 0:04:00]} Kh7
{[%clk 0:07:18]} 62. Kg3 {[%clk 0:03:57]} Be1+ {[%clk 0:07:36]} 63. Kf3
{[%clk 0:04:10]} Bd2 {[%clk 0:08:02]} 64. Kf2 {[%clk 0:03:18]} Bc1
{[%clk 0:06:19]} 65. Kg3 {[%clk 0:03:34]} Be3 {[%clk 0:04:39]} 66. Kh4
{[%clk 0:03:53]} Kg8 {[%clk 0:03:45]} 67. Kh5 {[%clk 0:03:13]} Kf8
{[%clk 0:03:24]} 68. f5 {[%clk 0:03:29]} 1-0

[Event "escc2023_50"]
[Site "?"]
[Date "2023.05.31"]
[Round "6.12"]
[White "Cazzaniga, Walter"]
[Black "Wacker, Peter"]
[Result "0-1"]
[BlackElo "2265"]
[WhiteElo "1970"]
[LiveChessVersion "1.4.8"]

1. d4 {[%clk 1:30:55]} Nf6 {[%clk 1:30:53]} 2. c4 {[%clk 1:31:14]} e6
{[%clk 1:31:14]} 3. Nf3 {[%clk 1:31:35]} d5 {[%clk 1:31:30]} 4. Nc3
{[%clk 1:32:01]} dxc4 {[%clk 1:31:42]} 5. e3 {[%clk 1:28:57]} a6 {[%clk 1:32:00]}
6. a4 {[%clk 1:29:10]} b6 {[%clk 1:32:12]} 7. Bxc4 {[%clk 1:29:34]} Bb7
{[%clk 1:32:17]} 8. O-O {[%clk 1:29:36]} Bb4 {[%clk 1:31:50]} 9. Qe2
{[%clk 1:27:53]} Nbd7 {[%clk 1:31:32]} 10. Rd1 {[%clk 1:24:05]} O-O
{[%clk 1:31:18]} 11. Na2 {[%clk 1:23:52]} Bd6 {[%clk 1:29:57]} 12. Nc3
{[%clk 1:22:53]} c5 {[%clk 1:22:03]} 13. e4 {[%clk 1:09:39]} cxd4
{[%clk 1:21:27]} 14. Nxd4 {[%clk 1:10:05]} Qb8 {[%clk 1:18:41]} 15. h3
{[%clk 1:09:10]} Nc5 {[%clk 1:12:18]} 16. f3 {[%clk 1:07:01]} Bh2+
{[%clk 1:05:38]} 17. Kf1 {[%clk 1:07:28]} Nh5 {[%clk 1:02:38]} 18. Qe3
{[%clk 1:04:15]} Bf4 {[%clk 0:45:59]} 19. Qg1 {[%clk 1:04:05]} Ng3+
{[%clk 0:45:40]} 20. Ke1 {[%clk 1:02:49]} Rc8 {[%clk 0:42:31]} 21. Bxf4
{[%clk 0:59:14]} Qxf4 {[%clk 0:42:53]} 22. Nde2 {[%clk 0:59:00]} Qc7
{[%clk 0:41:29]} 23. Ba2 {[%clk 0:49:58]} Nxe2 {[%clk 0:40:44]} 24. Kxe2
{[%clk 0:49:39]} b5 {[%clk 0:32:24]} 25. b4 {[%clk 0:44:42]} Nb3 {[%clk 0:23:07]}
26. Bxb3 {[%clk 0:44:20]} Qxc3 {[%clk 0:23:30]} 27. Rd3 {[%clk 0:44:36]} Qb2+
{[%clk 0:17:52]} 28. Ke3 {[%clk 0:43:59]} Rc3 {[%clk 0:18:03]} 0-1

[Event "escc2023_50"]
[Site "?"]
[Date "2023.05.31"]
[Round "6.13"]
[White "Mordiglia, Riccardo"]
[Black "Mrva, Martin"]
[Result "0-1"]
[BlackElo "2353"]
[WhiteElo "2073"]
[LiveChessVersion "1.4.8"]

1. d4 {[%clk 1:30:52]} Nf6 {[%clk 1:30:52]} 2. Nc3 {[%clk 1:31:07]} d5
{[%clk 1:30:17]} 3. e4 {[%clk 1:31:24]} Nxe4 {[%clk 1:29:51]} 4. Nxe4
{[%clk 1:31:39]} dxe4 {[%clk 1:30:14]} 5. Be3 {[%clk 1:31:57]} Nd7
{[%clk 1:24:45]} 6. Bc4 {[%clk 1:28:18]} Nb6 {[%clk 1:20:15]} 7. Bb3
{[%clk 1:28:29]} a5 {[%clk 1:20:32]} 8. a3 {[%clk 1:27:07]} a4 {[%clk 1:18:43]}
9. Ba2 {[%clk 1:27:26]} Qd6 {[%clk 1:10:53]} 10. Ne2 {[%clk 1:23:19]} Nd5
{[%clk 0:56:52]} 11. Qd2 {[%clk 1:15:30]} Bf5 {[%clk 0:50:48]} 12. c4
{[%clk 1:04:31]} Nxe3 {[%clk 0:36:49]} 13. Qxe3 {[%clk 1:04:50]} e5
{[%clk 0:34:03]} 14. O-O-O {[%clk 0:56:35]} Be7 {[%clk 0:30:16]} 15. dxe5
{[%clk 0:45:46]} Qxe5 {[%clk 0:27:40]} 16. Rd5 {[%clk 0:41:26]} Qf6
{[%clk 0:27:51]} 17. Ng3 {[%clk 0:40:04]} Be6 {[%clk 0:26:24]} 18. Nh5
{[%clk 0:33:49]} Qg6 {[%clk 0:21:48]} 19. Nf4 {[%clk 0:32:12]} Bg5
{[%clk 0:20:17]} 20. Re5 {[%clk 0:26:01]} Qh6 {[%clk 0:12:35]} 21. Rxe4
{[%clk 0:21:50]} O-O-O {[%clk 0:09:02]} 22. g3 {[%clk 0:14:09]} Bf5
{[%clk 0:07:34]} 23. Re5 {[%clk 0:14:25]} Rd3 {[%clk 0:06:02]} 24. Bb1
{[%clk 0:12:52]} Rxe3 {[%clk 0:06:14]} 25. Bxf5+ {[%clk 0:13:15]} Kb8
{[%clk 0:06:36]} 26. fxe3 {[%clk 0:13:36]} Qf6 {[%clk 0:06:34]} 0-1

[Event "escc2023_50"]
[Site "?"]
[Date "2023.05.31"]
[Round "6.14"]
[White "Verdier, Patrice"]
[Black "Sigfusson, Sigurdur"]
[Result "0-1"]
[BlackElo "2279"]
[WhiteElo "2014"]
[LiveChessVersion "1.4.8"]

1. d4 {[%clk 1:30:52]} Nf6 {[%clk 1:30:54]} 2. Nf3 {[%clk 1:31:14]} g6
{[%clk 1:31:04]} 3. b4 {[%clk 1:31:31]} Bg7 {[%clk 1:29:25]} 4. Bb2
{[%clk 1:31:51]} d5 {[%clk 1:27:43]} 5. e3 {[%clk 1:31:19]} O-O {[%clk 1:26:07]}
6. Nbd2 {[%clk 1:31:32]} Nbd7 {[%clk 1:21:07]} 7. c4 {[%clk 1:27:40]} c6
{[%clk 1:17:40]} 8. Be2 {[%clk 1:23:01]} e6 {[%clk 1:14:12]} 9. O-O
{[%clk 1:21:54]} Ne4 {[%clk 1:10:34]} 10. Nxe4 {[%clk 1:14:31]} dxe4
{[%clk 1:10:57]} 11. Nd2 {[%clk 1:14:25]} f5 {[%clk 1:10:28]} 12. f3
{[%clk 1:08:13]} exf3 {[%clk 1:07:41]} 13. Nxf3 {[%clk 1:02:15]} a5
{[%clk 0:58:00]} 14. b5 {[%clk 0:58:08]} cxb5 {[%clk 0:52:50]} 15. cxb5
{[%clk 0:58:19]} Nb6 {[%clk 0:53:06]} 16. Nd2 {[%clk 0:52:43]} Nd5
{[%clk 0:46:50]} 17. Nc4 {[%clk 0:52:05]} b6 {[%clk 0:44:45]} 18. Bf3
{[%clk 0:50:16]} Bb7 {[%clk 0:43:40]} 19. Qe2 {[%clk 0:39:34]} Rf7
{[%clk 0:39:15]} 20. g3 {[%clk 0:37:13]} Rc8 {[%clk 0:37:15]} 21. Rac1
{[%clk 0:30:04]} Rfc7 {[%clk 0:34:12]} 22. a3 {[%clk 0:22:08]} Qd7
{[%clk 0:31:26]} 23. e4 {[%clk 0:10:05]} Rxc4 {[%clk 0:30:57]} 24. Rxc4
{[%clk 0:10:14]} Rxc4 {[%clk 0:31:17]} 25. Qxc4 {[%clk 0:09:25]} Ne3
{[%clk 0:31:39]} 26. Qd3 {[%clk 0:07:45]} Nxf1 {[%clk 0:31:53]} 27. Kxf1
{[%clk 0:06:56]} fxe4 {[%clk 0:32:06]} 28. Bxe4 {[%clk 0:07:23]} Bxe4
{[%clk 0:32:12]} 29. Qxe4 {[%clk 0:07:48]} Qxb5+ {[%clk 0:32:36]} 30. Kg1
{[%clk 0:04:41]} Qb3 {[%clk 0:17:36]} 31. Qa8+ {[%clk 0:04:47]} Bf8
{[%clk 0:17:50]} 32. Qe4 {[%clk 0:03:10]} b5 {[%clk 0:14:16]} 33. Bc1
{[%clk 0:03:00]} Qd1+ {[%clk 0:11:43]} 34. Kg2 {[%clk 0:03:24]} Qxc1
{[%clk 0:12:06]} 35. Qxe6+ {[%clk 0:03:46]} Kg7 {[%clk 0:12:25]} 36. Qd7+
{[%clk 0:01:56]} Kh8 {[%clk 0:12:28]} 37. Qxb5 {[%clk 0:01:43]} Qxa3
{[%clk 0:09:20]} 38. Qe5+ {[%clk 0:00:50]} Bg7 {[%clk 0:09:36]} 39. Qe8+
{[%clk 0:01:11]} Qf8 {[%clk 0:10:01]} 40. Qd7 {[%clk 0:00:58]} Qa8+
{[%clk 0:09:40]} 41. Kh3 {[%clk 0:29:29]} a4 {[%clk 0:40:03]} 0-1

[Event "escc2023_50"]
[Site "?"]
[Date "2023.05.31"]
[Round "6.15"]
[White "Melikhov, Evgeny V."]
[Black "Bub, Volker"]
[Result "1/2-1/2"]
[BlackElo "2079"]
[WhiteElo "2269"]
[LiveChessVersion "1.4.8"]

1. d4 {[%clk 1:30:56]} Nf6 {[%clk 1:28:42]} 2. c4 {[%clk 1:28:30]} g6
{[%clk 1:29:08]} 3. Nc3 {[%clk 1:28:50]} Bg7 {[%clk 1:29:32]} 4. e4
{[%clk 1:29:00]} d6 {[%clk 1:29:58]} 5. f3 {[%clk 1:29:16]} O-O {[%clk 1:30:20]}
6. Be3 {[%clk 1:29:39]} Nc6 {[%clk 1:30:46]} 7. Nge2 {[%clk 1:29:06]} a6
{[%clk 1:31:10]} 8. Qd2 {[%clk 1:27:45]} Rb8 {[%clk 1:31:28]} 9. h4
{[%clk 1:26:40]} b5 {[%clk 1:29:13]} 10. h5 {[%clk 1:21:56]} e5 {[%clk 1:28:37]}
11. d5 {[%clk 1:21:45]} Na5 {[%clk 1:28:36]} 12. Ng3 {[%clk 1:21:21]} Nxc4
{[%clk 1:28:44]} 13. Bxc4 {[%clk 1:21:39]} bxc4 {[%clk 1:29:09]} 14. O-O-O
{[%clk 1:20:33]} Bd7 {[%clk 1:26:55]} 15. hxg6 {[%clk 1:14:27]} fxg6
{[%clk 1:27:11]} 16. Bh6 {[%clk 1:14:37]} Qe7 {[%clk 1:26:19]} 17. Bxg7
{[%clk 1:08:31]} Qxg7 {[%clk 1:25:52]} 18. Nf1 {[%clk 1:07:04]} Nh5
{[%clk 1:22:04]} 19. Ne3 {[%clk 1:03:57]} Rb4 {[%clk 1:13:29]} 20. a3
{[%clk 1:01:48]} Rb3 {[%clk 1:10:57]} 21. Nxc4 {[%clk 1:01:02]} Rfb8
{[%clk 1:10:25]} 22. Qg5 {[%clk 0:50:36]} a5 {[%clk 0:53:49]} 23. Rd2
{[%clk 0:49:24]} a4 {[%clk 0:54:11]} 24. g4 {[%clk 0:35:34]} Nf4 {[%clk 0:42:53]}
25. Rh6 {[%clk 0:33:35]} Bb5 {[%clk 0:35:22]} 26. Nxb5 {[%clk 0:25:53]} R3xb5
{[%clk 0:35:28]} 27. Kb1 {[%clk 0:25:44]} Rc5 {[%clk 0:27:05]} 28. Rc2
{[%clk 0:24:38]} c6 {[%clk 0:23:45]} 29. Rch2 {[%clk 0:19:28]} Rxc4
{[%clk 0:17:28]} 30. Rxh7 {[%clk 0:19:45]} Qxh7 {[%clk 0:16:17]} 31. Rxh7
{[%clk 0:20:09]} Kxh7 {[%clk 0:16:18]} 32. Qe7+ {[%clk 0:20:27]} Kg8
{[%clk 0:16:31]} 33. Qxd6 {[%clk 0:20:40]} Rxb2+ {[%clk 0:07:57]} 1/2-1/2

[Event "escc2023_50"]
[Site "?"]
[Date "2023.05.31"]
[Round "6.16"]
[White "Dieu, Bruno"]
[Black "Battistella, Stefano"]
[Result "0-1"]
[BlackElo "2006"]
[WhiteElo "2251"]
[LiveChessVersion "1.4.8"]

1. d4 {[%clk 1:30:56]} d5 {[%clk 1:30:54]} 2. c4 {[%clk 1:31:10]} dxc4
{[%clk 1:31:12]} 3. e4 {[%clk 1:31:26]} e5 {[%clk 1:31:35]} 4. Nf3
{[%clk 1:31:51]} Bb4+ {[%clk 1:31:59]} 5. Bd2 {[%clk 1:32:04]} Bxd2+
{[%clk 1:32:21]} 6. Nbxd2 {[%clk 1:32:29]} exd4 {[%clk 1:32:01]} 7. Bxc4
{[%clk 1:32:53]} Nc6 {[%clk 1:31:08]} 8. O-O {[%clk 1:30:43]} Nge7
{[%clk 1:28:24]} 9. Nb3 {[%clk 1:21:00]} Ng6 {[%clk 1:22:39]} 10. Nfxd4
{[%clk 1:17:24]} Nxd4 {[%clk 1:21:17]} 11. Nxd4 {[%clk 1:14:41]} O-O
{[%clk 1:21:14]} 12. Nb5 {[%clk 1:13:49]} Qe7 {[%clk 1:20:21]} 13. Rc1
{[%clk 1:02:17]} a6 {[%clk 1:15:54]} 14. Nc3 {[%clk 1:01:57]} c6 {[%clk 1:14:59]}
15. Qe2 {[%clk 0:54:49]} Be6 {[%clk 1:10:31]} 16. g3 {[%clk 0:50:40]} Bh3
{[%clk 1:07:49]} 17. f4 {[%clk 0:44:39]} Bxf1 {[%clk 1:02:21]} 18. Kxf1
{[%clk 0:45:08]} Rad8 {[%clk 1:00:43]} 19. e5 {[%clk 0:44:28]} b5
{[%clk 0:55:56]} 20. Bb3 {[%clk 0:44:42]} c5 {[%clk 0:52:42]} 21. Nd5
{[%clk 0:43:57]} Qa7 {[%clk 0:45:41]} 22. Qe3 {[%clk 0:40:41]} Ne7
{[%clk 0:42:16]} 23. Nxe7+ {[%clk 0:30:47]} Qxe7 {[%clk 0:42:44]} 24. Rxc5
{[%clk 0:31:10]} Rd3 {[%clk 0:33:04]} 25. Qxd3 {[%clk 0:30:27]} Qxc5
{[%clk 0:33:23]} 26. Kg2 {[%clk 0:29:28]} a5 {[%clk 0:24:46]} 27. a3
{[%clk 0:21:36]} a4 {[%clk 0:24:35]} 28. Ba2 {[%clk 0:20:51]} b4 {[%clk 0:23:00]}
29. axb4 {[%clk 0:16:25]} Qxb4 {[%clk 0:23:13]} 30. Qc2 {[%clk 0:16:31]} Qb7+
{[%clk 0:23:17]} 31. Kh3 {[%clk 0:16:40]} Qc8+ {[%clk 0:18:51]} 32. Qxc8
{[%clk 0:17:05]} Rxc8 {[%clk 0:19:09]} 33. Bb1 {[%clk 0:16:28]} Rb8
{[%clk 0:17:11]} 34. Bc2 {[%clk 0:16:53]} Rb4 {[%clk 0:17:13]} 35. Kg4
{[%clk 0:17:06]} Rxb2 {[%clk 0:09:49]} 36. Bxa4 {[%clk 0:17:35]} Rxh2
{[%clk 0:10:05]} 37. Bb3 {[%clk 0:17:42]} h5+ {[%clk 0:04:47]} 38. Kf3
{[%clk 0:17:57]} h4 {[%clk 0:04:51]} 39. e6 {[%clk 0:18:18]} Kf8 {[%clk 0:03:52]}
40. exf7 {[%clk 0:16:50]} Rh3 {[%clk 0:02:33]} 41. Kf2 {[%clk 0:16:39]} Rxg3
{[%clk 0:02:53]} 42. Bd5 {[%clk 0:17:02]} Rg6 {[%clk 0:01:51]} 43. Kf3
{[%clk 0:16:16]} h3 {[%clk 0:30:08]} 44. f5 {[%clk 0:46:34]} Rg1 {[%clk 0:29:40]}
0-1